Quiz Slugterra - Statistiques

Statistiques générales
  • Ce quiz a été pris 150 fois
  • Le résultat moyen est 6 sur 21
Statistiques - réponses
Hint Réponse % Correct
Q4 Eli
91%
Q2 Pronto
88%
Q7 Inferna
72%
Q3 Trixie
65%
Q5 Kord
59%
Q6 9
50%
Q9 Slug-fu
30%
Q10 la Trappe
27%
Q13 le Monde Brûlant
27%
Q11 le Grand Maître
24%
Q12 les Ombres
22%
Q20 99
20%
Q1 Thaddeus Blakk
15%
Q8 Eaux sombres
14%
Q14 Mecha bêtes
10%
Q15 Cavernes profondes
9%
Q17 Stalagmite 17
8%
Q16 Les darkbans
6%
Q21 Slug scarabée
4%
Q18 Asaph Fipke
2%
Q19 Slug élémentaire de l'air
1%
Aucun quiz correspondant
Distribution des résultats
% des personnes avec chaque résultat
Percentile par nombre de réponses
Votre historique - résultats
Vous n’avez pas pris ce quiz